General College Trivia - Statistics

General Stats
  • This quiz has been taken 22 times
  • The average score is 6 of 10
Answer Stats
Hint Answer % Correct
What does GPA stand for? Grade Point Average
95%
What degree can you normally get after 4 years at college? Bachelors
81%
What is your field of study? Major
81%
What do you call how much your classes cost? Tuition
76%
People who have graduated from a college called what? Alumni
67%
What is on-campus housing called? Dorms
67%
What is the college equivalent of a high school "Honor Roll"? The Dean's List
62%
What degree can you normally get after 2 years at college? Associates
52%
What is the time each year where universities have events to celebrate students who have finished their degrees? Commencement/Graduation Week(end)
24%
When you register for classes, the list of all classes offered is called what? Course Catalog
24%
No matching quizzes found
Score Distribution
Percent of People with Each Score
Percentile by Number Answered
Your Score History
You have not taken this quiz